000 00790nam a2200253 i 4500
001 C2-0306270
003 PPAK
005 20180728091747.0
008 101020s2008 my |||| ||||| | may d
040 _aPPAK
_beng
_cPPAK
_erda
082 0 4 _a297.4
_223
090 0 0 _a297.4
_bJAB
_dKK
110 2 _aJabatan Kemajuan Islam Malaysia (JAKIM)
245 0 0 _aBerilah peluang daku hidup
_bKhutbah Jumaat bil. 27
264 1 _aKedah :
_bJabatan Kemajuan Hal Ehwal Agama Islam ,
_c2008
300 _a11 pages ;
_c21 cm
336 _2rdacontent
_atext
337 _2rdamedia
_aunmediated
338 _2rdacarrier
_avolume
500 _aKhutbah Jumaat - Teks dalam tulisan jawi
650 1 0 _aIslamic sermons
710 2 _aJabatan Kemajuan Islam Malaysia (JAKIM)
_eorganizer
942 _ddc
_cB
999 _c109189
_d109189